00638nam a2200229 a 4500001001300000003000900013005001700022008004100039020001000080082001300090100002100103245003200124260004100156300000900197500003500206505001000241650001600251902000800267942000700275952011300282999001300395nice12345678IN_TiNIC20260116011346.0050524s1958 bala grp 000 0 eng  ac26400a956bTHA aThayer, Philip W aTensions in the Middle East aBaltimorebJohns Hopkins Pressc1958 a350p aincludes index and biblioraphy2 aIndex aMiddle East bSRS cBK 001040708StackRoom-aHMIbHMId2005-05-24g264.00l0o956 THAp02871r2005-05-24v264.00w2005-05-24yBK c831d831